What colour lightsaber do these people have (star wars) - Statistics

General Stats
  • This quiz has been taken 6,054 times
    5,868 since last reset
  • The average score is 21 of 23
Answer Stats
Hint Answer % Correct
Anakin Skywalker Blue
100%
Obi Wan Kenobi Blue
100%
Yoda Green
100%
Anakin Skywalker (Padawan) Green
99%
Darth Vader Red
99%
Mace Windu Purple
98%
Kit Fisto Green
97%
Qui gon Jinn Green
97%
Aayla Secura Blue
96%
Ahsoka Tano Green
96%
Shaak Ti Blue
95%
Yaddle Green
95%
Luminara Unduli Green
95%
Barriss Offee Blue
94%
Even Piell Green
94%
Saesee Tiin Green
93%
Eeth Koth Green
93%
Nahdar Vebb Blue
92%
Oppo Rancisis Green
92%
Ki adi Mundi Blue
90%
Coleman Trebor Green
87%
Pre Vizsla Black
73%
Plo Koon Orange
60%
No matching quizzes found
Score Distribution
Percent of People with Each Score
Percentile by Number Answered
Your Score History
You have not taken this quiz since the last reset